000 00456nam a2200157Ia 4500
008 210716s2009 xx 000 0 und d
020 _a9788185984131
041 _aeng
082 _a374.22 GOLE
100 _aGoldratt, Eliyahu M;Cox, Jeff.
245 _aGoal: a process of ongoing improvement.
_bProcess of ongoing improvement
250 _a3
260 _aMadras
_bProductivity and Quality Publishing Pvt Ltd
_c2009
300 _a396
650 _aNone
999 _c206665
_d206665